[Event "Wch U20 Girls 12th"]
[Site "Matinhos"]
[Date "1994.09.??"]
[Round "11"]
[White "Abdullaeva, Ulviyya"]
[Black "Benderac, Ana"]
[Result "1/2-1/2"]
[WhiteElo "2090"]
[BlackElo "2110"]
[PlyCount "53"]
[EventDate "1994.09.??"]
[EventType "swiss"]
[EventRounds "13"]
[EventCountry "BRA"]
[SourceTitle "EXT 2022"]
[Source "ChessBase"]
[SourceDate "2021.10.06"]
[SourceVersion "1"]
[SourceVersionDate "2021.10.06"]
[SourceQuality "1"]

1. e4 c5 2. Nc3 d6 3. g3 g6 4. Bg2 Bg7 5. d3 Nc6 6. f4 e6 7. Nf3 Nge7 8. Be3 Nd4 9. 0-0 0-0 10. Bf2 Rb8 11. Nxd4 cxd4 12. Ne2 e5 13. c3 dxc3 14. bxc3 b6 15. d4 Ba6 16. Re1 Rc8 17. Rc1 Bc4 18. a4 f5 19. Bh3 Rc7 20. fxe5 dxe5 21. dxe5 Qxd1 22. Rcxd1 Bxe5 23. Nd4 Bxd4 24. cxd4 Bb3 25. Rc1 Rxc1 26. Rxc1 fxe4 27. Rc7 1/2-1/2

[Event "Wch U20 Girls 12th"]
[Site "Matinhos"]
[Date "1994.09.??"]
[Round "12"]
[White "Sheldon, Ruth"]
[Black "Abdullaeva, Ulviyya"]
[Result "1-0"]
[WhiteElo "2120"]
[BlackElo "2090"]
[PlyCount "87"]
[EventDate "1994.09.??"]
[EventType "swiss"]
[EventRounds "13"]
[EventCountry "BRA"]
[SourceTitle "EXT 2022"]
[Source "ChessBase"]
[SourceDate "2021.10.06"]
[SourceVersion "1"]
[SourceVersionDate "2021.10.06"]
[SourceQuality "1"]

1. d4 f5 2. g3 Nf6 3. Bg2 d6 4. c4 c6 5. d5 g6 6. Nc3 e5 7. dxe6 Bxe6 8. Nh3 Bxc4 9. Qd4 Be6 10. Ng5 Qe7 11. Bf4 Bd7 12. Qb4 b6 13. Nb5 cxb5 14. Bxa8 h6 15. Nf3 g5 16. Bd2 Na6 17. Qa3 Qd8 18. Qxa6 Qxa8 19. 0-0 Ne4 20. Be3 Rg8 21. Rac1 Nc5 22. Qa3 f4 23. Bxc5 bxc5 24. Qb3 c4 25. Qc2 Bh3 26. Rfe1 g4 27. Qf5 Rg5 28. Qe6+ Be7 29. Qxh6 Kd7 30. e4 fxe3 31. Rxe3 Re5 32. Nxe5+ dxe5 33. Rd1+ Kc7 34. f3 Bc5 35. Qg7+ Kb6 36. Qf6+ Ka5 37. Kf2 Bxe3+ 38. Kxe3 gxf3 39. Rd6 Qc8 40. Qxe5 Ka4 41. Rd2 Qc6 42. b3+ Kb4 43. a3+ Ka5 44. Rd6 1-0

[Event "Wch U26"]
[Site "Sofia"]
[Date "1994.??.??"]
[Round "1"]
[White "Abdullaeva, Ulviyya"]
[Black "Alexieva, Silvia"]
[Result "1/2-1/2"]
[WhiteElo "2090"]
[BlackElo "2240"]
[PlyCount "40"]
[EventDate "1994.??.??"]
[EventType "swiss"]
[EventRounds "9"]
[EventCountry "BUL"]
[SourceTitle "TD"]
[Source "ChessBase"]
[SourceDate "1994.03.01"]
[SourceVersion "1"]
[SourceVersionDate "1994.03.01"]
[SourceQuality "1"]

1. e4 c5 2. Nc3 e6 3. g3 Nc6 4. Bg2 g6 5. d3 Bg7 6. Be3 Nd4 7. Nge2 Ne7 8. Qd2 Qa5 9. a3 d6 10. Rb1 Rb8 11. f4 f5 12. 0-0 Nxe2+ 13. Nxe2 Qxd2 14. Bxd2 b6 15. Bc3 Bxc3 16. Nxc3 Bd7 17. Rfe1 Kf7 18. Kf2 Rhc8 19. h3 b5 20. Nd1 a5 1/2-1/2

[Event "EU-ch U18 Girls"]
[Site "Svitavy"]
[Date "1993.??.??"]
[Round "7"]
[White "Abdullaeva, Ulviyya"]
[Black "Rosandic, Albina"]
[Result "1-0"]
[WhiteElo "2090"]
[BlackElo "2025"]
[PlyCount "79"]
[EventDate "1993.??.??"]
[EventType "swiss"]
[EventRounds "11"]
[EventCountry "CZE"]
[SourceTitle "EXT 1997"]
[Source "ChessBase"]
[SourceDate "1996.11.15"]
[SourceVersion "1"]
[SourceVersionDate "1996.11.15"]
[SourceQuality "1"]

1. e4 e5 2. Nf3 Nc6 3. Bb5 a6 4. Ba4 Nf6 5. d4 Nxe4 6. Qe2 b5 7. Qxe4 d5 8. Qe2 bxa4 9. dxe5 Bg4 10. Bf4 Qd7 11. c3 Bc5 12. h3 Bh5 13. Qd3 0-0 14. Nd4 Nxe5 15. Qg3 Bd6 16. 0-0 Nc4 17. Bxd6 Qxd6 18. Qxd6 Nxd6 19. Nd2 Rfe8 20. f4 f6 21. Rfe1 c5 22. N4f3 Kf8 23. Kf2 Rab8 24. b3 Ne4+ 25. Nxe4 dxe4 26. Nd2 f5 27. g4 Bg6 28. Re3 h5 29. gxf5 Bxf5 30. Nc4 Re6 31. bxa4 Rd8 32. Rb1 Rd7 33. Rb8+ Ke7 34. Rg8 Kf6 35. Rf8+ Rf7 36. Rc8 Rd7 37. Rxc5 Ree7 38. Nb6 Rd2+ 39. Ke1 Rxa2 40. Nd5+ 1-0

[Event "EU-ch U18 Girls"]
[Site "Svitavy"]
[Date "1993.??.??"]
[Round "8"]
[White "Dworakowska, Joanna"]
[Black "Abdullaeva, Ulviyya"]
[Result "1-0"]
[WhiteElo "2120"]
[BlackElo "2090"]
[PlyCount "53"]
[EventDate "1993.??.??"]
[EventType "swiss"]
[EventRounds "11"]
[EventCountry "CZE"]
[SourceTitle "EXT 1997"]
[Source "ChessBase"]
[SourceDate "1996.11.15"]
[SourceVersion "1"]
[SourceVersionDate "1996.11.15"]
[SourceQuality "1"]

1. e4 c5 2. Nf3 Nc6 3. d4 cxd4 4. Nxd4 Nf6 5. Nc3 e5 6. Ndb5 d6 7. Bg5 a6 8. Na3 b5 9. Bxf6 gxf6 10. Nd5 Bg7 11. Bd3 Ne7 12. Nxe7 Qxe7 13. c4 f5 14. 0-0 0-0 15. Qh5 Rb8 16. exf5 Qf6 17. Rae1 Re8 18. Be4 Bb7 19. Bxb7 Rxb7 20. cxb5 axb5 21. Nc2 d5 22. Ne3 Rd7 23. Ng4 Qe7 24. Re3 Rc8 25. f6 Bxf6 26. Nxf6+ Qxf6 27. Qg4+ 1-0

[Event "Wch U18 Girls"]
[Site "Duisburg"]
[Date "1992.??.??"]
[Round "6"]
[White "Alexieva, Silvia"]
[Black "Abdullaeva, Ulviyya"]
[Result "1/2-1/2"]
[WhiteElo "2180"]
[BlackElo "2180"]
[PlyCount "39"]
[EventDate "1992.??.??"]
[EventType "swiss"]
[EventRounds "11"]
[EventCountry "GER"]
[SourceTitle "TD"]
[Source "ChessBase"]
[SourceDate "1994.03.01"]
[SourceVersion "1"]
[SourceVersionDate "1994.03.01"]
[SourceQuality "1"]

1. d4 Nf6 2. c4 d6 3. Nf3 Nbd7 4. Nc3 e5 5. e4 Be7 6. Be2 0-0 7. 0-0 Re8 8. Qc2 c6 9. Rd1 Qc7 10. Rb1 a6 11. b4 b5 12. a4 Bb7 13. axb5 cxb5 14. dxe5 dxe5 15. c5 Qc6 16. Nd5 Bf8 17. Be3 Rac8 18. Ne1 Qe6 19. Nxf6+ Nxf6 20. f3 1/2-1/2

[Event "Wch U18 Girls"]
[Site "Duisburg"]
[Date "1992.??.??"]
[Round "4"]
[White "Jelica, Mara"]
[Black "Abdullaeva, Ulviyya"]
[Result "1/2-1/2"]
[WhiteElo "2165"]
[BlackElo "2180"]
[PlyCount "121"]
[EventDate "1992.??.??"]
[EventType "swiss"]
[EventRounds "11"]
[EventCountry "GER"]
[SourceTitle "TD"]
[Source "ChessBase"]
[SourceDate "1994.03.01"]
[SourceVersion "1"]
[SourceVersionDate "1994.03.01"]
[SourceQuality "1"]

1. e4 c5 2. Nc3 Nc6 3. g3 g6 4. Bg2 Bg7 5. Nge2 e6 6. d3 Nge7 7. Be3 Nd4 8. Qd2 Nec6 9. Nd1 b6 10. f4 Bb7 11. 0-0 0-0 12. c3 Nxe2+ 13. Qxe2 Rc8 14. f5 exf5 15. exf5 d5 16. Qd2 Re8 17. Bg5 f6 18. Bh6 Ba6 19. Bxg7 Kxg7 20. fxg6 hxg6 21. Ne3 Ne7 22. Ng4 Nf5 23. Rxf5 gxf5 24. Qh6+ Kf7 25. Bxd5+ Qxd5 26. Qxf6+ Kg8 27. Nh6+ Kh7 28. Nxf5 Qd7 29. Qh6+ Kg8 30. Qg6+ Kh8 31. Nd6 Rf8 32. Nxc8 Bxc8 33. Rf1 Rxf1+ 34. Kxf1 Qf5+ 35. Qxf5 Bxf5 36. Ke2 Bh3 37. Ke3 Kg7 38. Ke4 Be6 39. a3 Kf6 40. Kf4 Bh3 41. d4 cxd4 42. cxd4 Ke6 43. g4 Kd5 44. g5 Ke6 45. g6 Kf6 46. g7 Be6 47. h4 Bf7 48. h5 Kxg7 49. Ke5 Bxh5 50. Kd6 Kf6 51. b4 b5 52. Kc6 a6 53. d5 Bf3 54. Kb6 Bxd5 55. Kxa6 Bc6 56. Kb6 Be8 57. Kc5 Ke5 58. a4 bxa4 59. Kc4 Bb5+ 60. Kc3 Kd5 61. Kb2 1/2-1/2

[Event "Wch U18 Girls"]
[Site "Duisburg"]
[Date "1992.??.??"]
[Round "10"]
[White "Morariu, Ioana"]
[Black "Abdullaeva, Ulviyya"]
[Result "1/2-1/2"]
[WhiteElo "2050"]
[BlackElo "2180"]
[PlyCount "65"]
[EventDate "1992.??.??"]
[EventType "swiss"]
[EventRounds "11"]
[EventCountry "GER"]
[SourceTitle "TD"]
[Source "ChessBase"]
[SourceDate "1994.03.01"]
[SourceVersion "1"]
[SourceVersionDate "1994.03.01"]
[SourceQuality "1"]

1. d4 Nf6 2. c4 g6 3. Nc3 Bg7 4. Nf3 d6 5. g3 Nbd7 6. Bg2 0-0 7. 0-0 c6 8. h3 Nb6 9. b3 d5 10. cxd5 Nbxd5 11. Nxd5 cxd5 12. Bf4 Bf5 13. Rc1 Rc8 14. Qd2 Qb6 15. Rxc8 Rxc8 16. Rc1 Ne4 17. Rxc8+ Bxc8 18. Qc1 Qc6 19. Qxc6 bxc6 20. e3 Nc3 21. a3 Ne2+ 22. Kf1 Ba6 23. Ke1 Nc1 24. Bb8 Nd3+ 25. Kf1 Nc1+ 26. Ke1 Nxb3 27. Bxa7 Bb5 28. Bf1 Ba4 29. Be2 Nc1 30. Kd2 Nb3+ 31. Ke1 Nc1 32. Kd2 Nb3+ 33. Ke1 1/2-1/2